00374 2200157 4500001002100000005001500021035002000036245003400056100001800090300001200108260004000120082000800160084001400168020002200182990001200204INLIS00000000000174920250505020520 a0010-05250000411 aMy Last Love /cAgnes Danovar0 aAgnes Danovar a364 hlm aJakarta :bInandra Publisher,c2010 a800 a800 AGN m a978-979-18346-5-0 a0754618